000 01392pam a2200373 a 4500
001 1523840
003 OSt
005 20140310181628.0
008 900725r19911987nyua j d 001 0 eng
010 _a 90005094
020 _a0062750054 (cloth) :
_c$11.95 ($15.95 Can)
040 _aDLC
_cDLC
_dDLC
042 _alcac
050 1 0 _aPE1591
_b.S35 1991
082 0 0 _a423/.1
_220
100 1 _aSchiller, Andrew,
_d1919-
240 1 0 _aIn other words, a junior thesaurus
245 1 0 _aRoget's student thesaurus /
_cAndrew Schiller, William A. Jenkins.
250 _a1st HarperCollins ed.
260 _aNew York, NY :
_bHarperCollinsPublishers,
_c1991.
300 _a447 p. :
_bcol. ill. ;
_c24 cm.
500 _aReprint. Originally published: In other words, a junior thesaurus. Glenview, Ill. : Scott, Foresman, c1987.
500 _aIncludes index.
520 _aAn illustrated alphabetical list of words, their synonyms, antonyms, and the shades of meaning between them.
521 _aGrade Six Students
_bLexile
526 _c860L
541 _j1
562 _eFor circulation. 1 copy in the collection
650 0 _aEnglish language
_xSynonyms and antonyms
_xDictionaries, Juvenile.
650 1 _aEnglish language
_xSynonyms and antonyms.
700 1 _aJenkins, William Atwell,
_d1922-
906 _a7
_bcbc
_corignew
_d1
_eocip
_f19
_gy-gencatlg
942 _2lcc
_cBK-GR
_kREF
999 _c383
_d383